00233 2200109 4500245002900000250001100029100002000040650001600060005001900076041001400095084001400109 aTARI-TARIAN BETAWIhText aCet. 1 aSiti Qahmadania aKarya Siswa a20250424084838 aIndonesia a081 SIT t